000 01164nac a22003377a 4500
001 BR8201242
003 BR-BrBNA
005 20240105115245.0
008 230509b bl.|||m| |||| 00| 0 por d
040 _aBR-BrBNA
_bpor
_cBiblioteca Nacional de Agricultura
072 _aL50; L10
090 _a5240 BR8201242
100 1 _aSimplicio, A.A.
100 1 _aRiera, G.S.
100 1 _aNunes, J.F.
110 1 _aCentro Nacional de Pesquisa de Caprinos, Sobral, CE (Brasil)
_91759
245 1 _aPuberdade em femeas ovinas da raca somalis [Ovis aries; Acasalamento; Fisiologia animal; Reproducao animal]
246 1 _a[Puberty in female somalis sheep [Ovis aries; Mating; Animal physiology; Animal reproduction]]
260 3 _aSobral, CE (Brasil):
_c1981.
300 _a4 p.
490 _aPesquisa em Andamento - Centro Nacional de Pesquisa de Caprinos (Brazil)
_vno. 4
_x
650 _aFisiologia animal
650 _aMelhoramento genetico animal
650 _aOvino
650 _aRaca
650 _aAcasalamento
650 _aReproducao animal
650 _aOvulacao
909 _a202312
_bLúcia Elande
_c55
_dLúcia Elande
942 _2AGRIS
_n0
_cMS
999 _c273917
_d273917